Virtual private networking : (Record no. 185921)
[ view plain ]
| 000 -LEADER | |
|---|---|
| fixed length control field | 01200 a2200241 4500 |
| 003 - CONTROL NUMBER IDENTIFIER | |
| control field | Nust |
| 005 - DATE AND TIME OF LATEST TRANSACTION | |
| control field | 20230118130546.0 |
| 010 ## - LIBRARY OF CONGRESS CONTROL NUMBER | |
| LC control number | 2004273037 |
| 020 ## - INTERNATIONAL STANDARD BOOK NUMBER | |
| International Standard Book Number | 0470854324 |
| 035 ## - SYSTEM CONTROL NUMBER | |
| System control number | (OCoLC)ocm53155690 |
| 040 ## - CATALOGING SOURCE | |
| Transcribing agency | Nust |
| 082 04 - DEWEY DECIMAL CLASSIFICATION NUMBER | |
| Classification number | 650.028,HEL |
| 100 1# - MAIN ENTRY--PERSONAL NAME | |
| Personal name | Held, Gilbert, |
| 9 (RLIN) | 36816 |
| 245 10 - TITLE STATEMENT | |
| Title | Virtual private networking : |
| Remainder of title | a construction, operation and utilization guide / |
| Statement of responsibility, etc. | Gilbert Held. |
| 260 ## - PUBLICATION, DISTRIBUTION, ETC. | |
| Place of publication, distribution, etc. | Chichester ; |
| -- | Hoboken, NJ : |
| Name of publisher, distributor, etc. | Wiley, |
| Date of publication, distribution, etc. | c2004. |
| 300 ## - PHYSICAL DESCRIPTION | |
| Extent | xvi, 290 p. : |
| Other physical details | ill. ; |
| Dimensions | 24 cm. |
| 505 ## - FORMATTED CONTENTS NOTE | |
| Formatted contents note | Introduction to Virtual Private Networking (Page-1), Understanding Authentication and Encryption (Page-23), Understanding the TCP/IP Protocol Suite (Page-53), Layer 2 Operations (Page-79), Higher Layer VPNs (Page-133), VPN Hardware and Software (Page-203), Service Provider –Based VPNs (Page-261). |
| 650 #0 - SUBJECT ADDED ENTRY--TOPICAL TERM | |
| Topical term or geographic name entry element | Extranets (Computer networks) |
| 9 (RLIN) | 101101 |
| 856 42 - ELECTRONIC LOCATION AND ACCESS | |
| Materials specified | Contributor biographical information |
| Uniform Resource Identifier | <a href="http://www.loc.gov/catdir/bios/wiley047/2004273037.html">http://www.loc.gov/catdir/bios/wiley047/2004273037.html</a> |
| 856 42 - ELECTRONIC LOCATION AND ACCESS | |
| Materials specified | Publisher description |
| Uniform Resource Identifier | <a href="http://www.loc.gov/catdir/description/wiley042/2004273037.html">http://www.loc.gov/catdir/description/wiley042/2004273037.html</a> |
| 856 42 - ELECTRONIC LOCATION AND ACCESS | |
| Materials specified | Table of contents |
| Uniform Resource Identifier | <a href="http://www.loc.gov/catdir/toc/wiley041/2004273037.html">http://www.loc.gov/catdir/toc/wiley041/2004273037.html</a> |
| 942 ## - ADDED ENTRY ELEMENTS (KOHA) | |
| Source of classification or shelving scheme | |
| Koha item type | Book |
| Withdrawn status | Lost status | Source of classification or shelving scheme | Damaged status | Not for loan | Permanent Location | Current Location | Shelving location | Date acquired | Total Checkouts | Full call number | Barcode | Date last seen | Date last checked out | Price effective from | Koha item type | Public note |
|---|---|---|---|---|---|---|---|---|---|---|---|---|---|---|---|---|
| Military College of Signals (MCS) | Military College of Signals (MCS) | General Stacks | 12/12/2016 | 1 | 650.028,HEL | MCS30606 | 09/27/2023 | 09/18/2023 | 12/12/2016 | Book | Almirah No.42, Shelf No.3 |
